|
|
|
|
| LEADER |
00000nam0a2200000 4500 |
| 001 |
69976 |
| 005 |
20231031080820.0 |
| 035 |
|
|
|a (RuTPU)RU\TPU\book\74515
|
| 090 |
|
|
|a 69976
|
| 100 |
|
|
|a 20041109d1975 m y0rusy50 ca
|
| 101 |
0 |
|
|a rus
|
| 102 |
|
|
|a RU
|
| 105 |
|
|
|a a j 001zy
|
| 200 |
1 |
|
|a Химия и технология основного органического и нефтехимического синтеза
|e учебник для хим.-технолог. специальностей вузов
|f Н. Н. Лебедев
|
| 205 |
|
|
|a 2-е изд., перераб.
|
| 210 |
|
|
|a Москва
|c Химия
|d 1975
|
| 215 |
|
|
|a 733 с.
|c ил.
|e черт.
|
| 320 |
|
|
|a Библиогр.: с. 709-710.
|
| 320 |
|
|
|a Предметный указатель: с. 713-733.
|
| 451 |
|
1 |
|0 (RuTPU)RU\TPU\book\36631
|t Химия и технология основного органического и нефтехимического синтеза
|o учебник
|f Н. Н. Лебедев
|e 3-е изд., перераб. и доп.
|c Москва
|n Химия
|d 1981
|p 605 с.
|a Лебедев, Николай Николаевич
|
| 610 |
1 |
|
|a нефтехимия
|
| 610 |
1 |
|
|a нефтехимический синтез
|
| 610 |
1 |
|
|a органический синтез
|
| 610 |
1 |
|
|a технология
|
| 610 |
1 |
|
|a химические процессы
|
| 610 |
1 |
|
|a галогенирование
|
| 610 |
1 |
|
|a гидролиз
|
| 610 |
1 |
|
|a гидратация
|
| 610 |
1 |
|
|a этерификация
|
| 610 |
1 |
|
|a сульфатирование
|
| 610 |
1 |
|
|a окисление
|
| 610 |
1 |
|
|a гидрирование
|
| 610 |
1 |
|
|a учебные пособия
|
| 610 |
1 |
|
|a химическая технология
|
| 675 |
|
|
|a 661.7(075.8)
|v 3
|
| 675 |
|
|
|a 665.5:543(075.8)
|v 3
|
| 700 |
|
1 |
|a Лебедев
|b Н. Н.
|g Николай Николаевич
|
| 801 |
|
1 |
|a RU
|b 63413507
|c 20041109
|g PSBO
|
| 801 |
|
2 |
|a RU
|b 63413507
|c 20160511
|g PSBO
|
| 942 |
|
|
|c BK
|